Hóa sinh học

Sách trình bày cấu trúc, tính chất, chức năng các thành phần cấu tạo chủ yếu của tế bào (Tĩnh hóa sinh học); đồng thời trình bày về quá trình chuyển hóa các chất chủ yếu trong hệ thống sống (Động hóa sinh học)...

Täydet tiedot

Tallennettuna:
Bibliografiset tiedot
Päätekijä: Straub, F. B.
Aineistotyyppi: Kirja
Kieli:Undetermined
Julkaistu: Hà Nội Khoa học kỹ thuật 1974
Aiheet:
Tagit: Lisää tagi
Ei tageja, Lisää ensimmäinen tagi!
Thư viện lưu trữ: Trung tâm Học liệu Trường Đại học Cần Thơ
LEADER 00865nam a2200193Ia 4500
001 CTU_8483
008 210402s9999 xx 000 0 und d
082 |a 572 
082 |b S912/T.2 
100 |a Straub, F. B. 
245 0 |a Hóa sinh học 
245 0 |c F. B. Straub ; Dịch giả : Lê Doãn Diên, ...[et al.] 
260 |a Hà Nội 
260 |b Khoa học kỹ thuật 
260 |c 1974 
520 |a Sách trình bày cấu trúc, tính chất, chức năng các thành phần cấu tạo chủ yếu của tế bào (Tĩnh hóa sinh học); đồng thời trình bày về quá trình chuyển hóa các chất chủ yếu trong hệ thống sống (Động hóa sinh học) 
650 |a Biochemistry 
904 |i Minh, 960913 
980 |a Trung tâm Học liệu Trường Đại học Cần Thơ